000
00316nam a2200157Ia 4500
100
_a
Taylor /G. W.
650
_a
General
942
_c
RB
654
_a
Mining
245
_a
Mining
260
_b
Hanock House Pub.
_a
Saanichtan
_c
1978
082
_a
338.2
_b
Tay
300
_a
195
546
_a
ENGLISH
999
_c
22737
_d
22737